| 000 | 00967nam a22002177a 4500 | ||
|---|---|---|---|
| 003 | BD-DhJNU | ||
| 005 | 20260426052830.0 | ||
| 008 | 260426b |||||||| |||| 00| 0 eng d | ||
| 020 | _a9789390902675 | ||
| 040 |
_aBD-DhJNU _bBEN _cBD-DhJNU _dBD-DhJNU |
||
| 082 |
_223 _a700 |
||
| 100 | _aপত্রী, পূর্ণেন্দু | ||
| 242 |
_aIndustrial / _cPurnendu Patri |
||
| 245 |
_aশিল্প সংক্রান্ত / _cপূর্ণেন্দু পত্রী |
||
| 260 |
_aকলকাতা : _bদে’জ পাবলিশিং, _c1997. |
||
| 300 |
_a১৮৪ পৃ. : _bচিত্র ; _c২২ সেমি.। |
||
| 504 | _aগ্রন্থপঞ্জিগত নির্দেশিকা ও নিঘন্ট অন্তভূক্ত | ||
| 650 | _aশিল্প সমালোচনা -- Art Criticism | ||
| 650 | _aশিল্পকলা ও ইতিহাস -- History of Art | ||
| 942 |
_2ddc _cBK _n0 |
||
| 999 |
_c2724 _d2724 |
||